000 00680nas a2200229 4500
001 BR7900551
003 BR-BrBNA
005 20231205083624.0
007 ta
008 230509b bl.|||p| |||| 00| 00por d
040 _aBR-BrBNA
_bpor
_cBiblioteca Nacional de Agricultura
041 _a(Pt)
072 _aF22
100 1 _aFreire, W.J.
245 1 _aAditivos quimicos e seus efeitos sobre a comparacao do solo
650 _aSOLO
650 _aCOMPACTACAO DO SOLO
650 _aELEMENTO QUIMICO
773 0 _tRevista de Agricultura (Brazil)
_xISSN 0034-7655
_g(Dec 1978), v. 53(4) p. 247-253
_wBR7900551
909 _a202311
_bLúcia
_c55
_dLúcia Elande
942 _2AGRIS
_n0
_cANA
999 _c100118
_d100118